Environmentálne manažérstvo a spoločenská zodpovednosť

Systém environmentálneho manažérstva ako časť systému manažérstva organizácie, ktorý zahŕňa celý rad krokov. Porovnanie environmentálneho manažérstva organizácie v kontexte spoločenskej zodpovednosti.

Salvato in:
Dettagli Bibliografici
Autore principale: Gont, Radoslav
Natura: Capitolo di libro
Lingua:slovacco
Soggetti:
Tags: Aggiungi Tag
Nessun Tag, puoi essere il primo ad aggiungerne!!

MARC

LEADER 00000naa a2200000 4500
001 0160922
005 20231012072014.5
041 0 |a slo 
044 |a SK 
245 1 0 |a Environmentálne manažérstvo a spoločenská zodpovednosť  |c Radoslav Gont 
520 |a Systém environmentálneho manažérstva ako časť systému manažérstva organizácie, ktorý zahŕňa celý rad krokov. Porovnanie environmentálneho manažérstva organizácie v kontexte spoločenskej zodpovednosti. 
610 2 0 |a manažment environmentálny 
610 2 0 |a systém riadenia kvality 
610 2 0 |a systémy environmentálne manažérske 
610 2 0 |a zodpovednosť podniku spoločenská 
100 1 |a Gont, Radoslav